| 000 | 00730nas a2200229 i 4500 | ||
|---|---|---|---|
| 001 | 5367 | ||
| 003 | ES-MaACL | ||
| 005 | 20230908124504.0 | ||
| 007 | h | ||
| 008 | 900509m1989 lu | b |0010||pa d | ||
| 080 | _a05(435.9) | ||
| 080 | _a341.232.3(4)(05) | ||
| 245 | 0 | 0 |
_aDiario Oficial de las Comunidades Europeas. Comunicaciones e Informaciones [ _hMicroforma]. |
| 250 | _aEd. espaƱola. | ||
| 260 |
_aLuxemburg : _bOficina de Publicaciones Oficiales de las Comunidades Europeas, _c1989- |
||
| 300 |
_amicrofichas : _bnegativo. |
||
| 500 | _aPeriodicidad diaria. | ||
| 710 | 2 |
_aComunidades Europeas. _93139 |
|
| 852 |
_aES-MaACL _jMCF-69 _95484 _cDEPO1 |
||
| 942 |
_2udc _cMICROFORMA |
||
| 999 |
_c5367 _d5367 |
||